[Event "OL-NORD WEST 1617 SF Hannover - Post VS"]
[Site "?"]
[Date "2016.10.16"]
[Round "1.1"]
[White "Laubsch, Bernd"]
[Black "Schirm, Friedmar"]
[Result "1-0"]
[WhiteElo "2292"]
[BlackElo "2250"]
[PlyCount "45"]
[EventDate "2016.??.??"]

1. e4 e6 2. d4 d5 3. Nd2 Nf6 4. e5 Nfd7 5. c3 c5 6. f4 Nc6 7. Ndf3 Qb6 8. a3 a5
9. b3 cxd4 10. cxd4 a4 11. b4 Qd8 12. Bd3 Nb6 13. Ne2 Bd7 14. O-O Na7 15. Ra2
g6 16. g4 Be7 17. f5 exf5 18. gxf5 Bxf5 19. Bxf5 gxf5 20. Ng3 Qd7 21. e6 Qxe6
22. Re2 Qg6 23. Nh4 1-0

[Event "OL-NORD WEST 1617 SF Hannover - Post VS"]
[Site "?"]
[Date "2016.10.16"]
[Round "1.2"]
[White "Ackermann, Dennie"]
[Black "Wiegmann, Sascha"]
[Result "1/2-1/2"]
[WhiteElo "2086"]
[BlackElo "2272"]
[PlyCount "82"]
[EventDate "2016.??.??"]

1. e4 c5 2. b4 cxb4 3. Nf3 d5 4. exd5 Nf6 5. a3 Nxd5 6. axb4 Nxb4 7. d4 e6 8.
c3 Nd5 9. Bb5+ Bd7 10. Bxd7+ Nxd7 11. Qe2 Be7 12. c4 N5f6 13. O-O O-O 14. Nc3
a6 15. Bf4 b5 16. c5 b4 17. Na4 Nd5 18. Bg3 Qc8 19. Rfc1 Qc6 20. Ne5 Nxe5 21.
Bxe5 a5 22. Qf3 Rfc8 23. h4 Bf8 24. h5 Nc3 25. Qxc6 Rxc6 26. Nxc3 bxc3 27. Rxc3
f6 28. Bf4 e5 29. dxe5 Rxc5 30. Rxc5 Bxc5 31. Ra4 fxe5 32. Bxe5 Bb4 33. f4 Kf7
34. Kf2 g6 35. hxg6+ hxg6 36. Ke3 Ke6 37. Ke4 Rc8 38. g4 Rc4+ 39. Bd4 Kd6 40.
f5 gxf5+ 41. gxf5 Kc6 1/2-1/2

[Event "OL-NORD WEST 1617 SF Hannover - Post VS"]
[Site "?"]
[Date "2016.10.16"]
[Round "1.3"]
[White "Bogomolow, Sergej"]
[Black "Liebau, Andreas"]
[Result "1/2-1/2"]
[WhiteElo "2194"]
[BlackElo "2239"]
[PlyCount "35"]
[EventDate "2016.??.??"]

1. e4 c5 2. Nf3 Nc6 3. d4 cxd4 4. Nxd4 e5 5. Nb5 a6 6. Nd6+ Bxd6 7. Qxd6 Qf6 8.
Qd1 Qg6 9. Nc3 Nf6 10. f3 d5 11. Nxd5 Nxd5 12. Qxd5 O-O 13. Qd2 Rd8 14. Bd3 Be6
15. b3 Rac8 16. O-O b5 17. Bb2 f5 18. Rad1 1/2-1/2

[Event "OL-NORD WEST 1617 SF Hannover - Post VS"]
[Site "?"]
[Date "2016.10.16"]
[Round "1.5"]
[White "Schulze, Ingo"]
[Black "Herrmann, Andreas"]
[Result "0-1"]
[WhiteElo "2037"]
[BlackElo "2138"]
[PlyCount "80"]
[EventDate "2016.??.??"]

1. d4 Nf6 2. c4 e6 3. Nf3 c5 4. d5 b5 5. dxe6 fxe6 6. cxb5 a6 7. bxa6 Bxa6 8.
g3 Nc6 9. Bg2 Be7 10. O-O O-O 11. Re1 d5 12. b3 c4 13. bxc4 Bxc4 14. Nbd2 Bxa2
15. Bb2 Qb6 16. Bc3 Rfc8 17. e3 Nb4 18. Bxb4 Bxb4 19. Rf1 Bc3 20. Rc1 e5 21.
Bh3 Rc7 22. Qc2 Raa7 23. Qd1 h6 24. Nb1 Bb3 25. Qe2 Bc4 26. Qd1 Bxf1 27. Qxf1
Bb2 28. Rd1 Ra5 29. Nbd2 Rac5 30. Kg2 e4 31. Nd4 Bxd4 32. exd4 Rc2 33. Rb1 Qxd4
34. Rb8+ Kf7 35. Qa6 R2c6 36. Qa5 e3 37. Nf3 Qe4 38. Qa3 exf2 39. Qf8+ Kg6 40.
Bf5+ Kxf5 0-1

[Event "OL-NORD WEST 1617 SF Hannover - Post VS"]
[Site "?"]
[Date "2016.10.16"]
[Round "1.6"]
[White "Edel, Thomas"]
[Black "von Estorff, Jacob"]
[Result "1-0"]
[WhiteElo "2131"]
[BlackElo "1896"]
[PlyCount "117"]
[EventDate "2016.??.??"]

1. d4 d5 2. Nf3 Nf6 3. c4 e6 4. g3 Be7 5. Bg2 O-O 6. O-O c6 7. Qc2 Nbd7 8. Rd1
b6 9. b3 Bb7 10. Nc3 Rc8 11. e4 dxe4 12. Nxe4 c5 13. Nxf6+ Bxf6 14. Ng5 Bxg5
15. Bxb7 Rc7 16. Be4 g6 17. dxc5 bxc5 18. Bb2 Bf6 19. Rd2 Bxb2 20. Qxb2 Qf6 21.
Rad1 Qxb2 22. Rxb2 Nf6 23. Bg2 Rfc8 24. Rbd2 Kf8 25. f4 Ke7 26. Bf3 Rd7 27.
Rxd7+ Nxd7 28. Kf2 Rd8 29. Ke3 Nb8 30. Rxd8 Kxd8 31. b4 cxb4 32. Kd4 Kc7 33.
Kc5 Nd7+ 34. Kxb4 e5 35. fxe5 Nxe5 36. Bd5 g5 37. Kc5 g4 38. Kd4 f6 39. Ke4 Kd6
40. Kf5 Ke7 41. a3 a6 42. c5 a5 43. Bg8 h5 44. Bd5 Nd3 45. c6 Ne5 46. c7 Kd7
47. Kxf6 Nf3 48. c8=Q+ Kxc8 49. Kg6 Nxh2 50. Be6+ Kc7 51. Kxh5 Kd6 52. Bxg4
Nxg4 53. Kxg4 Ke6 54. Kg5 Kf7 55. Kh6 Kg8 56. Kg6 Kf8 57. a4 Kg8 58. Kf6 Kh8
59. Ke6 1-0

[Event "OL-NORD WEST 1617 SF Hannover - Post VS"]
[Site "?"]
[Date "2016.10.16"]
[Round "1.7"]
[White "Untiedt, Jan Niklas"]
[Black "Gabriel, Uwe"]
[Result "1-0"]
[WhiteElo "1893"]
[BlackElo "2060"]
[PlyCount "97"]
[EventDate "2016.??.??"]

1. e4 e5 2. Nf3 Nf6 3. Nxe5 d6 4. Nf3 Nxe4 5. Nc3 Nf6 6. d4 d5 7. h3 Be7 8. Bd3
Nc6 9. O-O O-O 10. Bf4 Bd6 11. Be5 Bxe5 12. dxe5 Nd7 13. Nxd5 h6 14. Re1 Re8
15. Nf4 Nc5 16. Bb5 Bd7 17. Qd5 Qe7 18. Ng6 Qe6 19. Qxc5 Qxg6 20. Bd3 Qh5 21.
Re4 f5 22. Re2 Rad8 23. Rae1 Be6 24. Bc4 Qf7 25. Bxe6 Qxe6 26. b3 b6 27. Qc3
Rd5 28. Rd2 Red8 29. Rxd5 Rxd5 30. Qe3 Kf7 31. c3 Ke7 32. Nd4 Nxd4 33. cxd4 c5
34. dxc5 Rxc5 35. f4 Qc6 36. Rd1 Rd5 37. Rc1 Qd7 38. Qc3 Rd2 39. Rc2 Rxc2 40.
Qxc2 Qd4+ 41. Qf2 Qd1+ 42. Kh2 Qc1 43. Qd4 Qc7 44. Qc4 Qb8 45. Qc6 Kf7 46. Qd7+
Kg6 47. Qe6+ Kh7 48. Qxf5+ Kh8 49. e6 1-0

[Event "OL-NORD WEST 1617 SF Hannover - Post VS"]
[Site "?"]
[Date "2016.10.16"]
[Round "1.8"]
[White "Streich, Gerhard"]
[Black "Cohrs, Joerg-Artur"]
[Result "1/2-1/2"]
[WhiteElo "2120"]
[BlackElo "1954"]
[PlyCount "95"]
[EventDate "2016.??.??"]

1. d4 f5 2. Nf3 Nf6 3. e3 g6 4. Nbd2 Bg7 5. Be2 O-O 6. O-O b6 7. c4 Bb7 8. b3
c5 9. Ba3 d6 10. Ng5 Qd7 11. Bf3 Nc6 12. Bxc6 Qxc6 13. Ndf3 Bc8 14. Bb2 h6 15.
d5 Qe8 16. Nh3 g5 17. Nd2 f4 18. Kh1 Bg4 19. Qc2 Bxh3 20. gxh3 Qh5 21. Qf5 Rf7
22. Rae1 Nh7 23. Qc2 Qxh3 24. Bxg7 Rxg7 25. Qe4 Rf8 26. exf4 Rxf4 27. Qe6+ Qxe6
28. Rxe6 h5 29. h3 g4 30. h4 Nf8 31. Rh6 Rf5 32. Ne4 g3 33. Ng5 Rxf2 34. Rxf2
gxf2 35. Kg2 Rg6 36. Rxg6+ Nxg6 37. Kxf2 Nxh4 38. Ne6 Kf7 39. Nf4 Nf5 40. Nxh5
Nd4 41. Ke3 Kg6 42. Nf4+ Kf5 43. Nd3 Nc2+ 44. Kd2 Nd4 45. Nf2 Kf4 46. Nd1 Ke4
47. Nf2+ Kf3 48. Nd1 1/2-1/2

[Event "OL-NORD WEST 1617 SV werder Bremen - De"]
[Site "?"]
[Date "2016.10.16"]
[Round "1.2"]
[White "Krallmann, Matthias"]
[Black "Hoeffer, David"]
[Result "1/2-1/2"]
[WhiteElo "2131"]
[BlackElo "2308"]
[PlyCount "45"]
[EventDate "2016.??.??"]

1. d4 Nf6 2. c4 e6 3. g3 d5 4. Nf3 Be7 5. Bg2 O-O 6. O-O dxc4 7. Ne5 Nd5 8.
Nxc4 b5 9. Ne5 Bb7 10. a4 a6 11. axb5 axb5 12. Rxa8 Bxa8 13. Qb3 c6 14. Nc3 Nd7
15. Nxd5 cxd5 16. Bf4 Nxe5 17. Bxe5 Qb6 18. Rc1 Bc6 19. h4 b4 20. e3 Ra8 21.
Bf1 h6 22. h5 Bf8 23. g4 {(=)} 1/2-1/2

[Event "OL-NORD WEST 1617 SV werder Bremen - De"]
[Site "?"]
[Date "2016.10.16"]
[Round "1.3"]
[White "Korsus, Bernd"]
[Black "Kardoeus, David"]
[Result "1-0"]
[WhiteElo "2324"]
[BlackElo "2180"]
[PlyCount "81"]
[EventDate "2016.??.??"]

1. Nf3 Nf6 2. c4 g6 3. Nc3 Bg7 4. g3 O-O 5. Bg2 d6 6. O-O Nc6 7. d3 e5 8. Bg5
h6 9. Bxf6 Qxf6 10. Rb1 a5 11. a3 Be6 12. Nd2 Qe7 13. b4 axb4 14. axb4 Qd7 15.
b5 Nd8 16. Nd5 Bxd5 17. Bxd5 c6 18. bxc6 bxc6 19. Bg2 Ne6 20. Rb6 Rfc8 21. Qb1
Ra7 22. e3 f5 23. Qc2 Bf6 24. Rfb1 Rcc7 25. h4 h5 26. Qb2 Kf7 27. Qc2 d5 28.
cxd5 cxd5 29. Qb3 e4 30. dxe4 dxe4 31. Nc4 Kg7 32. Nd6 Nc5 33. Qd5 Na4 34. Rb8
Nc3 35. Qg8+ Kh6 36. R1b6 Na4 37. Rf8 Nxb6 38. Rxf6 Rc1+ 39. Kh2 Rh1+ 40. Bxh1
Qg7 41. Nxf5# 1-0

[Event "OL-NORD WEST 1617 SV werder Bremen - De"]
[Site "?"]
[Date "2016.10.16"]
[Round "1.4"]
[White "Brinkmann, Fabian"]
[Black "Mossakowski, Florian"]
[Result "0-1"]
[WhiteElo "2114"]
[BlackElo "2308"]
[PlyCount "68"]
[EventDate "2016.??.??"]

1. e4 c5 2. Nf3 Nc6 3. d4 cxd4 4. Nxd4 d6 5. c4 Nf6 6. Nc3 g6 7. f3 Bg7 8. Be3
Bd7 9. Qd2 Nxd4 10. Bxd4 Bc6 11. b4 b6 12. Be2 O-O 13. O-O Nd7 14. f4 e5 15.
fxe5 Nxe5 16. Rad1 Rc8 17. Be3 Ba8 18. Nb5 Nxc4 19. Bxc4 Rxc4 20. Nxd6 Rc7 21.
Bh6 Bxh6 22. Qxh6 Qe7 23. Nxf7 Bxe4 24. Ng5 Bf5 25. Qh4 b5 26. Rfe1 Qg7 27. Ne6
Bxe6 28. Rxe6 Rc4 29. Qe1 Rd4 30. Rc1 Rdf4 31. Qd2 Qf7 32. Ree1 Rf2 33. Qe3
Qxa2 34. Qe4 R2f4 0-1

[Event "OL-NORD WEST 1617 SV werder Bremen - De"]
[Site "?"]
[Date "2016.10.16"]
[Round "1.5"]
[White "Hedke, Fred"]
[Black "Lai Hop, Duong"]
[Result "1-0"]
[WhiteElo "2266"]
[BlackElo "2171"]
[PlyCount "59"]
[EventDate "2016.??.??"]

1. e4 d5 2. exd5 Qxd5 3. Nf3 Bg4 4. Be2 Nc6 5. d4 O-O-O 6. c4 Qf5 7. Be3 Bxf3
8. Bxf3 Nxd4 9. Bxd4 Qe6+ 10. Be2 Qe4 11. Nc3 Qxd4 12. Qa4 Qb6 13. O-O e6 14.
Rab1 Nf6 15. b4 c6 16. c5 Qc7 17. Qxa7 Nd5 18. Nxd5 Rxd5 19. Bf3 Rf5 20. Rfc1
Qb8 21. Qa3 Qe5 22. b5 Bxc5 23. Rxc5 Qxc5 24. Qa8+ Kc7 25. Qxh8 cxb5 26. Qxg7
e5 27. h3 Kb6 28. Qh6+ Ka5 29. Qd2+ Ka6 30. a4 1-0

[Event "OL-NORD WEST 1617 SV werder Bremen - De"]
[Site "?"]
[Date "2016.10.16"]
[Round "1.6"]
[White "Buescher, Andre"]
[Black "Steingraeber, Kai Uwe"]
[Result "1/2-1/2"]
[WhiteElo "2063"]
[BlackElo "2131"]
[PlyCount "84"]
[EventDate "2016.??.??"]

1. d4 d5 2. c4 c6 3. Nf3 Nf6 4. e3 Bf5 5. Nc3 e6 6. Nh4 Bg4 7. Qb3 Qc7 8. h3
Bh5 9. Bd2 g5 10. Nf3 h6 11. Bd3 Nbd7 12. O-O-O O-O-O 13. Kb1 Kb8 14. Rc1 Qb6
15. Qxb6 Nxb6 16. cxd5 exd5 17. Ne5 Nfd7 18. Nxd7+ Rxd7 19. b3 Ba3 20. Rc2 Rf8
21. h4 g4 22. Ne2 Bg6 23. Nf4 Be4 24. Ba5 Nc8 25. Bxe4 dxe4 26. g3 Bd6 27. Ne2
Ne7 28. Bc3 Nd5 29. Kb2 Re8 30. Rhc1 Re6 31. a3 b6 32. Be1 Kb7 33. Nc3 Nc7 34.
Ka1 Bf8 35. Kb2 c5 36. dxc5 Bxc5 37. Ne2 Bd6 38. Ka2 Be5 39. Rc4 f5 40. R1c2
Nd5 41. Nc3 Bxc3 42. Bxc3 Nxc3+ {(=)} 1/2-1/2

[Event "OL-NORD WEST 1617 SV werder Bremen - De"]
[Site "?"]
[Date "2016.10.16"]
[Round "1.7"]
[White "Margraf, Daniel"]
[Black "Franke, Reiner"]
[Result "1/2-1/2"]
[WhiteElo "2209"]
[BlackElo "2256"]
[PlyCount "102"]
[EventDate "2016.??.??"]

1. e4 c5 2. Nc3 Nc6 3. Bb5 Nd4 4. Nf3 a6 5. Bd3 g6 6. Nxd4 cxd4 7. Ne2 Bg7 8.
c3 dxc3 9. dxc3 Nf6 10. O-O O-O 11. Nf4 e5 12. Nd5 Nxd5 13. exd5 d6 14. f4 f5
15. a4 Bd7 16. Qb3 b5 17. a5 Re8 18. Qb4 Qc7 19. Be3 exf4 20. Bb6 Qb7 21. Qxd6
Be5 22. Qb4 Qxd5 23. Bc2 Be6 24. Rad1 Qc6 25. Rfe1 Bc4 26. Bb3 Rac8 27. Bf2 Bc7
28. Rxe8+ Rxe8 29. Bxc4+ bxc4 30. Rd4 Re4 31. b3 cxb3 32. Qxb3+ Kg7 33. Qb4 Re8
34. Rc4 Qd7 35. Rd4 Qe6 36. Qc5 Re7 37. h3 Be5 38. Rd5 Bf6 39. Rd6 Qe4 40. Rxa6
Rd7 41. Ra7 Rxa7 42. Qxa7+ Kh6 43. a6 Be5 44. Qb7 Qd3 45. a7 Qd1+ 46. Kh2 f3+
47. Bg3 f2 48. Bxe5 f1=N+ 49. Kg1 Ne3+ 50. Kh2 Nf1+ 51. Kg1 Ne3+ 1/2-1/2

[Event "OL-NORD WEST 1617 SV werder Bremen - De"]
[Site "?"]
[Date "2016.10.16"]
[Round "1.8"]
[White "Pollmann, Sascha"]
[Black "Thimm, Torsten"]
[Result "1/2-1/2"]
[WhiteElo "2043"]
[BlackElo "2085"]
[PlyCount "57"]
[EventDate "2016.??.??"]

1. Nf3 d5 2. g3 Nf6 3. Bg2 c6 4. O-O Bf5 5. d3 h6 6. Nbd2 Nbd7 7. Qe1 e5 8. e4
dxe4 9. dxe4 Be6 10. Qe2 Qc7 11. b3 Bb4 12. Bb2 O-O 13. Nc4 Bg4 14. a3 Bc5 15.
b4 b5 16. bxc5 bxc4 17. Qxc4 Rab8 18. Bc3 Rb5 19. Qe2 a5 20. a4 Rxc5 21. Bb2
Rb8 22. Ba3 Rc3 23. Rfd1 Qa7 24. Rd3 Qa6 25. h3 Be6 26. Nxe5 Kh7 27. Nxd7 Nxd7
28. e5 g6 29. Qe3 {(=)} 1/2-1/2

[Event "OL-NORD WEST 1617 SV Tempo Göttin. - SV"]
[Site "?"]
[Date "2016.10.16"]
[Round "1.1"]
[White "Lingnau, Carsten"]
[Black "Armbrust, Florian"]
[Result "1-0"]
[WhiteElo "2410"]
[BlackElo "2291"]
[PlyCount "107"]
[EventDate "2016.??.??"]

1. Nf3 Nf6 2. c4 g6 3. g3 Bg7 4. Bg2 O-O 5. d4 d6 6. Nc3 c5 7. O-O Nc6 8. dxc5
dxc5 9. Bf4 Nd4 10. Be5 Nc6 11. Qxd8 Rxd8 12. Bc7 Rd7 13. Bf4 Rd8 14. Ne5 Nxe5
15. Bxe5 Ne8 16. Bxg7 Kxg7 17. Rfd1 Rxd1+ 18. Rxd1 Nd6 19. Na4 Bg4 20. b3 Re8
21. f3 Bd7 22. Nc3 Bc6 23. f4 Bxg2 24. Kxg2 f5 25. Kf3 Rd8 26. Nb5 Kf6 27. e3
Ke6 28. h3 a6 29. Nc3 Nf7 30. Rxd8 Nxd8 31. e4 Nc6 32. g4 Nd4+ 33. Ke3 b5 34.
exf5+ gxf5 35. Nd5 bxc4 36. bxc4 Kd6 37. g5 e5 38. h4 Ne6 39. a3 exf4+ 40. Nxf4
Nd4 41. h5 Ke7 42. Nd5+ Kf7 43. Kf4 a5 44. a4 Ke6 45. Nc7+ Kf7 46. Ke5 Nf3+ 47.
Kxf5 Nd2 48. g6+ hxg6+ 49. hxg6+ Kf8 50. Nd5 Kg7 51. Ne3 Nb1 52. Kg5 Nc3 53.
Nf5+ Kh8 54. Nh6 1-0

[Event "OL-NORD WEST 1617 SV Tempo Göttin. - SV"]
[Site "?"]
[Date "2016.10.16"]
[Round "1.2"]
[White "Kyas, Marcel"]
[Black "Gronde, Ingo"]
[Result "1/2-1/2"]
[WhiteElo "2189"]
[BlackElo "2205"]
[PlyCount "156"]
[EventDate "2016.??.??"]

1. d4 g6 2. c4 Bg7 3. Nf3 Nf6 4. Nc3 O-O 5. Bg5 c5 6. d5 d6 7. e3 h6 8. Bh4 e6
9. Be2 exd5 10. cxd5 a6 11. a4 Bg4 12. Nd2 Bxe2 13. Qxe2 Nbd7 14. O-O Re8 15.
h3 Qe7 16. a5 Nh5 17. Ra4 Rab8 18. g4 Nhf6 19. Bg3 Bf8 20. Qd3 Ne5 21. Qc2 h5
22. g5 Nh7 23. f4 Nd7 24. e4 b5 25. axb6 Nxb6 26. Ra3 Bg7 27. Kh2 Qb7 28. Rfa1
Bxc3 29. bxc3 c4 30. Nf3 Nd7 31. Rxa6 Nc5 32. Ra7 Qb2 33. R1a2 Qxc2+ 34. Rxc2
Nxe4 35. Rc7 Rec8 36. Rxc8+ Rxc8 37. Bf2 Nxf2 38. Rxf2 Rc5 39. Rd2 Nf8 40. Rd4
Nd7 41. Nd2 Nb6 42. Ne4 Ra5 43. Nf6+ Kg7 44. Re4 Nxd5 45. Ne8+ Kf8 46. Nxd6
Nxc3 47. Re8+ Kg7 48. Re7 Nd5 49. Rxf7+ Kg8 50. f5 gxf5 51. g6 Nf4 52. Nxc4
Nxg6 53. Rf6 Ra2+ 54. Kg1 Nh4 55. Rh6 Nf3+ 56. Kf1 h4 57. Rf6 Nd4 58. Rd6 Ne2
59. Rd2 Ng3+ 60. Kg2 Ra4 61. Ne5 Kg7 62. Nf3 Nh5 63. Rd4 Nf4+ 64. Kh1 Ra1+ 65.
Kh2 Ra2+ 66. Kh1 Nxh3 67. Rxh4 Nf2+ 68. Kg1 Ng4 69. Rh5 Kg6 70. Rh8 Nf6 71. Rh2
Ra1+ 72. Kg2 f4 73. Nd4 Re1 74. Kf2 Ra1 75. Rg2+ Kh5 76. Kf3 Rf1+ 77. Ke2 Ra1
78. Kf3 Rf1+ 1/2-1/2

[Event "OL-NORD WEST 1617 SV Tempo Göttin. - SV"]
[Site "?"]
[Date "2016.10.16"]
[Round "1.3"]
[White "Ewert, Hannes"]
[Black "Petzold, Golo"]
[Result "0-1"]
[WhiteElo "2164"]
[BlackElo "2267"]
[PlyCount "68"]
[EventDate "2016.??.??"]

1. e4 c6 2. d4 d5 3. e5 Bf5 4. Nf3 e6 5. Be2 c5 6. Be3 cxd4 7. Nxd4 Ne7 8. Nd2
Nbc6 9. N2f3 Be4 10. O-O Ng6 11. c4 Be7 12. Nxc6 bxc6 13. Qa4 O-O 14. cxd5 Bxd5
15. Bd4 Qb8 16. Bc3 a5 17. a3 Qb3 18. Qg4 Rfd8 19. Rac1 Qb6 20. g3 Bc5 21. Ng5
h6 22. Ne4 h5 23. Qf3 Bd4 24. Nf6+ gxf6 25. Qxf6 Bxc3 26. bxc3 Qc7 27. f4 Qe7
28. Qxe7 Nxe7 29. Bxh5 Rab8 30. Rb1 Be4 31. Rxb8 Rxb8 32. Rd1 Bd5 33. Be2 Rb2
34. Kf1 Nf5 0-1

[Event "OL-NORD WEST 1617 SV Tempo Göttin. - SV"]
[Site "?"]
[Date "2016.10.16"]
[Round "1.4"]
[White "Raum, Sebastian"]
[Black "Happe, Reinhold"]
[Result "1/2-1/2"]
[WhiteElo "2124"]
[BlackElo "2118"]
[PlyCount "189"]
[EventDate "2016.??.??"]

1. e4 e5 2. Nf3 Nc6 3. Bb5 a6 4. Ba4 Nge7 5. O-O g6 6. d4 exd4 7. Nxd4 Bg7 8.
Be3 b5 9. Bb3 O-O 10. Nc3 Na5 11. Nd5 Nxd5 12. exd5 c5 13. dxc6 dxc6 14. c3 Bb7
15. Qg4 Qc8 16. Qg5 c5 17. Ne2 Nxb3 18. axb3 Re8 19. Nf4 c4 20. Bd4 Bxd4 21.
cxd4 Qd8 22. Qxd8 Raxd8 23. d5 cxb3 24. Ra3 Bxd5 25. Nxd5 Rxd5 26. Rxb3 Re2 27.
Ra3 Rxb2 28. Rxa6 Kg7 29. Rb6 Rf5 30. g3 g5 31. Kg2 g4 32. h3 h5 33. hxg4 hxg4
34. Kg1 f6 35. Rb7+ Kg6 36. Kg2 Rf3 37. Kg1 Kf5 38. Rf7 Rfb3 39. Kg2 Rb1 40.
Rxb1 Rxb1 41. Re7 Kg6 42. Re2 Rb3 43. Kf1 Kf7 44. Re4 f5 45. Re5 Kf6 46. Re8 b4
47. Ke2 Rf3 48. Rb8 b3 49. Re8 Rc3 50. Kd2 Rc2+ 51. Ke3 b2 52. Rb8 Ke5 53. Rb7
Kd6 54. f3 gxf3 55. Kxf3 Kc5 56. Rb8 Kd5 57. Kf4 Rf2+ 58. Ke3 Rg2 59. Kf3 Rd2
60. Kf4 Kc4 61. Rb7 Kc3 62. Kxf5 Rd5+ 63. Kf6 Rd4 64. Rxb2 Kxb2 65. Kf5 Kc3 66.
g4 Rd5+ 67. Kf6 Kd4 68. g5 Rd6+ 69. Kf5 Rd5+ 70. Kf6 Ke4 71. g6 Rd6+ 72. Kf7
Kf5 73. g7 Rd7+ 74. Kf8 Kf6 75. g8=N+ Kg6 76. Ke8 Rd1 77. Ne7+ Kf6 78. Ng8+ Ke6
79. Kf8 Rd7 80. Nh6 Rh7 81. Ng8 Rh1 82. Ke8 Rh2 83. Kf8 Rh3 84. Ke8 Ra3 85. Kf8
Rg3 86. Nh6 Rg1 87. Ng8 Rg6 88. Ne7 Rf6+ 89. Ke8 Rh6 90. Ng8 Rh8 91. Kf8 Rh7
92. Ke8 Ra7 93. Kf8 Kf5 94. Ne7+ Kf6 95. Ng8+ 1/2-1/2

[Event "OL-NORD WEST 1617 SV Tempo Göttin. - SV"]
[Site "?"]
[Date "2016.10.16"]
[Round "1.5"]
[White "Stock, Joerg"]
[Black "Schmidt, Alexander"]
[Result "1-0"]
[WhiteElo "2185"]
[BlackElo "2115"]
[PlyCount "75"]
[EventDate "2016.??.??"]

1. e4 c5 2. Nf3 d6 3. d4 cxd4 4. Nxd4 Nf6 5. Nc3 a6 6. h3 e5 7. Nde2 Be6 8. g4
Be7 9. Bg2 Nc6 10. Be3 Rc8 11. Nd5 Bxd5 12. exd5 Na5 13. b3 Qc7 14. c4 O-O 15.
Rc1 b6 16. O-O Rfe8 17. Ng3 Bf8 18. g5 Nd7 19. h4 Qb8 20. Bh3 Red8 21. h5 b5
22. Qd2 b4 23. g6 Rc7 24. gxf7+ Kxf7 25. Ne4 Kg8 26. Ng5 Nf6 27. Be6+ Kh8 28.
Nf7+ Rxf7 29. Bxf7 Qb7 30. Be6 Nxh5 31. Kg2 Be7 32. Rh1 g6 33. Rcg1 Bf6 34. Kf1
Rb8 35. Qd3 Qe7 36. Rxg6 Nf4 37. Bxf4 exf4 38. Rxf6 1-0

[Event "OL-NORD WEST 1617 SV Tempo Göttin. - SV"]
[Site "?"]
[Date "2016.10.16"]
[Round "1.6"]
[White "Liebig, Stefan"]
[Black "Bade, Hans-Juergen"]
[Result "1-0"]
[WhiteElo "2126"]
[BlackElo "1999"]
[PlyCount "69"]
[EventDate "2016.??.??"]

1. Nf3 d5 2. b4 c6 3. e3 a5 4. b5 Nd7 5. Bb2 Qc7 6. d4 g6 7. c4 Bg7 8. cxd5
cxd5 9. Nc3 Nb6 10. Qb3 Nf6 11. Rc1 Qd8 12. a4 Bf5 13. Be2 Rc8 14. O-O O-O 15.
Ba3 Re8 16. Ne5 h5 17. Bc5 e6 18. h3 Nbd7 19. Nxd7 Nxd7 20. Bd6 h4 21. Na2 Qb6
22. Bf4 f6 23. Rc3 Rxc3 24. Qxc3 e5 25. dxe5 Nxe5 26. Rc1 Rc8 27. Qd2 Nc4 28.
Qxd5+ Be6 29. Bxc4 Rxc4 30. Qd1 Rxf4 31. exf4 Bxa2 32. Rc8+ Bf8 33. Qd3 Kg7 34.
Qd7+ Bf7 35. Rc7 1-0

[Event "OL-NORD WEST 1617 SV Tempo Göttin. - SV"]
[Site "?"]
[Date "2016.10.16"]
[Round "1.7"]
[White "zur Lage, Julian"]
[Black "Karwatt, Lothar"]
[Result "1-0"]
[WhiteElo "2107"]
[BlackElo "2135"]
[PlyCount "79"]
[EventDate "2016.??.??"]

1. d4 Nf6 2. Nf3 g6 3. c4 Bg7 4. Nc3 d6 5. e4 O-O 6. Be2 e5 7. O-O Na6 8. Re1
exd4 9. Nxd4 Nc5 10. Bf3 a5 11. Nc2 Re8 12. Bf4 Bd7 13. e5 dxe5 14. Bxe5 Be6
15. Bd4 Nfd7 16. b3 Qg5 17. Bxg7 Kxg7 18. Nb5 Rac8 19. Ncd4 Ne5 20. Re3 Nxf3+
21. Nxf3 Qf6 22. Qd4 Red8 23. Qxf6+ Kxf6 24. Nbd4 Rd7 25. Rae1 Rcd8 26. Nxe6
Nxe6 27. Ne5 Rd4 28. Nxf7 Kxf7 29. Rxe6 Rd2 30. Re7+ Kf6 31. Rxc7 Rxa2 32. Rxb7
Rdd2 33. Rxh7 Rdb2 34. Rh3 Re2 35. Rf3+ Kg7 36. Kf1 Reb2 37. g3 Ra3 38. Re7+
Kg8 39. Rb7 a4 40. Rd3 1-0

[Event "OL-NORD WEST 1617 SV Tempo Göttin. - SV"]
[Site "?"]
[Date "2016.10.16"]
[Round "1.8"]
[White "Hagemann, Sven"]
[Black "Rein, Joachim"]
[Result "1-0"]
[WhiteElo "2002"]
[BlackElo "1846"]
[PlyCount "57"]
[EventDate "2016.??.??"]

1. e4 e5 2. Nf3 d6 3. Bc4 Be7 4. d4 exd4 5. Nxd4 Nf6 6. Nc3 Bd7 7. O-O Nc6 8.
Nde2 O-O 9. f4 a6 10. Ng3 Be6 11. Bd3 Bg4 12. Qe1 Nb4 13. f5 Nxd3 14. cxd3 Nh5
15. Nh1 Nf6 16. h3 Bh5 17. Nf2 Nd7 18. g4 Ne5 19. Qe2 Bg5 20. gxh5 Bxc1 21.
Raxc1 Qh4 22. Kg2 a5 23. Nd5 g6 24. Ng4 Qg5 25. Kh2 Nc6 26. Ndf6+ Kh8 27. h6
gxf5 28. exf5 Nd4 29. Qf2 1-0

[Event "OL-NORD WEST 1617 Bremer SG - Nordhorn"]
[Site "?"]
[Date "2016.10.16"]
[Round "1.1"]
[White "Kollen, Zyon"]
[Black "Zeitlein, Michael"]
[Result "1-0"]
[WhiteElo "2304"]
[BlackElo "2376"]
[PlyCount "49"]
[EventDate "2016.??.??"]

1. e4 d6 2. d4 Nf6 3. Nc3 c6 4. Be3 Ng4 5. Bc1 b5 6. f3 Nf6 7. Be3 e5 8. dxe5
dxe5 9. Qxd8+ Kxd8 10. a4 b4 11. Nb1 Na6 12. Nd2 Bc5 13. Bg5 Ke8 14. Nc4 Nd7
15. Rd1 f6 16. Bh4 Ke7 17. Ne2 Nc7 18. Nc1 Ba6 19. Nb3 Bxc4 20. Rxd7+ Kxd7 21.
Nxc5+ Kd6 22. Nb7+ Ke7 23. Bxc4 Ne6 24. Bf2 Rhc8 25. Nc5 1-0

[Event "OL-NORD WEST 1617 Bremer SG - Nordhorn"]
[Site "?"]
[Date "2016.10.16"]
[Round "1.2"]
[White "Borik, Otto"]
[Black "Kroeze, Frank M"]
[Result "1/2-1/2"]
[WhiteElo "2378"]
[BlackElo "2397"]
[PlyCount "39"]
[EventDate "2016.??.??"]

1. Nf3 d5 2. c4 d4 3. d3 Nc6 4. g3 e5 5. Bg2 Bb4+ 6. Nbd2 a5 7. O-O Nf6 8. Ne1
O-O 9. Nc2 Be7 10. a3 Nd7 11. b3 Nc5 12. Rb1 Bg4 13. Ne4 Na6 14. f4 exf4 15.
Bxf4 f5 16. Nf2 Bh5 17. b4 axb4 18. axb4 Naxb4 19. Nxb4 Nxb4 20. Bxb7 1/2-1/2

[Event "OL-NORD WEST 1617 Bremer SG - Nordhorn"]
[Site "?"]
[Date "2016.10.16"]
[Round "1.3"]
[White "Bertholee, Rob"]
[Black "Hundack, Rolf"]
[Result "1-0"]
[WhiteElo "2331"]
[BlackElo "2127"]
[PlyCount "149"]
[EventDate "2016.??.??"]

1. e4 e5 2. Nc3 Nc6 3. Nf3 Nf6 4. Bb5 d6 5. d4 exd4 6. Nxd4 Bd7 7. Nxc6 bxc6 8.
Be2 Be7 9. f4 O-O 10. e5 Nd5 11. Nxd5 cxd5 12. Qxd5 c6 13. Qe4 d5 14. Qe3 Bf5
15. Bd3 Bxd3 16. cxd3 Qa5+ 17. Bd2 Qb5 18. b3 Bc5 19. d4 Bb6 20. a4 Qa6 21. Rc1
Rac8 22. Bb4 Ba5 23. Bxa5 Qxa5+ 24. Qc3 Qa6 25. Kf2 Rc7 26. Rhe1 h6 27. Re3 Qc8
28. Qd2 Qf5 29. Rf3 Rfc8 30. Rc5 Rb7 31. Qc2 Qd7 32. Rfc3 Qg4 33. Rxd5 Qxf4+
34. Kg1 Rbc7 35. Rd6 c5 36. g3 Qg5 37. Rxc5 Rxc5 38. dxc5 Qxe5 39. Rd7 g6 40.
Qc4 Qf5 41. c6 h5 42. b4 h4 43. Qf1 Qe6 44. b5 h3 45. Qf2 Qc4 46. Qf4 Qe6 47.
Qd2 Qf6 48. Qf4 Qe6 49. Rd1 Qe2 50. Qd2 Qe4 51. Re1 Qc4 52. Rc1 Qxa4 53. Qd7
Rc7 54. Qd8+ Kg7 55. Qd5 Qa5 56. Qe5+ Kg8 57. Rd1 Qb6+ 58. Kf1 Rc8 59. Rd7 a6
60. c7 Rf8 61. g4 axb5 62. Qd6 Qb7 63. Rd8 Qf3+ 64. Ke1 Qe3+ 65. Kd1 Qb3+ 66.
Kd2 Qb2+ 67. Ke3 Qc3+ 68. Kf4 Qc1+ 69. Kg3 Qc3+ 70. Kh4 Qe1+ 71. Kxh3 Qc3+ 72.
Qg3 Qh8+ 73. Kg2 Qb2+ 74. Qf2 Qc3 75. c8=Q 1-0

[Event "OL-NORD WEST 1617 Bremer SG - Nordhorn"]
[Site "?"]
[Date "2016.10.16"]
[Round "1.4"]
[White "Issing, Peter"]
[Black "Oehne, Timo"]
[Result "1-0"]
[WhiteElo "2162"]
[BlackElo "2138"]
[PlyCount "63"]
[EventDate "2016.??.??"]

1. d4 Nf6 2. Nf3 g6 3. c4 Bg7 4. Nc3 d5 5. e3 O-O 6. b4 Bg4 7. Bb2 c6 8. h3 Bf5
9. g4 Be6 10. Ng5 Bc8 11. f4 dxc4 12. Bxc4 Nd5 13. Nxd5 cxd5 14. Bb3 Nc6 15. a3
e5 16. dxe5 Nxe5 17. Bxd5 Nf3+ 18. Qxf3 Bxb2 19. Rb1 Bc3+ 20. Kf2 Qe7 21. h4
Be6 22. Bxe6 fxe6 23. Qe4 Rae8 24. Kg2 Bf6 25. Nf3 Rd8 26. g5 Bg7 27. h5 Rf5
28. hxg6 hxg6 29. Rbd1 Rdf8 30. Nh4 Be5 31. Nxf5 Rxf5 32. Rh4 1-0